000
00288nam a2200121Ia 4500
008
190216s9999||||xx |||||||||||||| ||und||
100
_a
Raja P K S
245
0
_a
Medieval Kerala
260
_b
S Chand & Co
_c
1987
300
_a
275p
650
_a
Kerala History-Kerala History
942
_c
BK
999
_c
18901
_d
18901